Juegos Olímpicos - Podio en Basquet - Estadísticas

Estadísticas generales
  • Esta prueba ha sido intentada 307 veces
  • La puntuación promedio es 14 de 20
Estadísticas de respuestas
Equipos % Correcto
Estados Unidos
100%
España
99%
Argentina
97%
Francia
97%
Brasil
93%
Italia
90%
Canadá
87%
Rusia
83%
China
82%
Unión Soviética
81%
Serbia
78%
Yugoslavia
73%
Australia
71%
México
64%
Lituania
61%
Croacia
57%
Cuba
39%
Corea del Sur
32%
Uruguay
32%
Bulgaria
22%
No se encontraron pruebas coincidentes
Distribución de puntuación
Porcentaje de gente con cada puntuación
Porcentaje por número respondido
Historial de tus puntuaciones
No has intentado esta prueba.